000 00508nam a2200193Ia 4500
003 GCL
008 140319s9999 xx 000 0 eng d
040 _aGCL /
_cGCL
082 0 4 _a415
_bJ E
100 1 _aJACOBS, RODERICK
245 1 0 _aENGLISH TRANSFORMATIONAL GRAMMAR /
_cJACOBS, RODERICK
700 1 _aROSENBAUM, PETER
260 _a[S.N] :
_bBLAISDELL PUBLISHNG COMPANY ،
_c1968
300 _a294 P
650 0 4 _aGRAMMAR
650 0 4 _aLINGUISTICS
650 0 4 _aENGLISH LANGUAGE
942 _2ddc
_cBK
999 _c19597
_d19597